00676nam a2200253Ia 4500008004100000040001200041082001700053082001500070100002100085245004600106260001100152260001500163300001300178300000600191300001400197530001700211563001000228600002100238630004600259650002900305650002100334700002100355730004600376160321s9999||||xx |||||||||||||| ||und|| cEnglish aXI.B Sharma  bBORI-19873 aRam Sharn Sharma aLight on Early Indian Society And Economy aBombay bManaktalas aviii+168 cB eHardbound u00042409.pdf aStudy aRam Sharn Sharma aLight on Early Indian Society And Economy a"Social History,Culture" aGeneral Indology aRam Sharn Sharma aLight on Early Indian Society And Economy